Investment Property Forum UK consensus forecasts summary report (Record no. 84062)
[ view plain ]
| 000 -LEADER | |
|---|---|
| fixed length control field | 01342cad a22001935a 4500 |
| 001 - CONTROL NUMBER | |
| control field | L156536 |
| 008 - FIXED-LENGTH DATA ELEMENTS--GENERAL INFORMATION | |
| fixed length control field | 120606s2012 xxk 000 0 eng d |
| 035 ## - SYSTEM CONTROL NUMBER | |
| System control number | (Sirsi) u156536 |
| 041 0# - LANGUAGE CODE | |
| Language code of text/sound track or separate title | eng |
| 110 2# - MAIN ENTRY--CORPORATE NAME | |
| Corporate name or jurisdiction name as entry element | Investment Property Forum |
| 9 (RLIN) | 2112 |
| 245 00 - TITLE STATEMENT | |
| Title | Investment Property Forum UK consensus forecasts summary report |
| Remainder of title | May 2012 |
| Medium | [electronic resource] |
| 260 ## - PUBLICATION, DISTRIBUTION, ETC. | |
| Place of publication, distribution, etc. | London |
| Name of publisher, distributor, etc. | IPF |
| Date of publication, distribution, etc. | 2012 |
| 490 #0 - SERIES STATEMENT | |
| Series statement | IPF UK Consensus Forecasts Summary Report |
| Volume/sequential designation | May 2012 |
| 520 ## - SUMMARY, ETC. | |
| Summary, etc. | The consensus forecast of the All Property total return for the year has weakened slightly since the Q1 2012 survey from 1.6% to 1.4%, driven by a sustained expectation of negative capital value growth (steady at -4.6% quarter-on-quarter) and a fall in implied income return to 6.0%. The Eurozone crisis continues to be affect the market reinforced by confirmation of GDP dipping below zero growth for the second quarter in succession. 2013 is expected to see capital value growth stabilising (-0.3% average forecast), followed by improvement in the later years of the forecast to close to the long-run average rate of 2.5% per annum. |
| 590 ## - LOCAL NOTE (RLIN) | |
| Local note | KA |
| 690 ## - LOCAL SUBJECT ADDED ENTRY--TOPICAL TERM (OCLC, RLIN) | |
| Topical term or geographic name as entry element | Commercial property |
| 9 (RLIN) | 6227 |
| 856 40 - ELECTRONIC LOCATION AND ACCESS | |
| Uniform Resource Identifier | <a href="https://www.ipf.org.uk/home/research/research_archive/default.aspx">https://www.ipf.org.uk/home/research/research_archive/default.aspx</a> |
| Public note | View the summary (click on consensus summaries folder, then on item) at www.ipf.org |
| 942 ## - ADDED ENTRY ELEMENTS (KOHA) | |
| Suppress in OPAC | 0 |
| Withdrawn status | Lost status | Source of classification or shelving scheme | Damaged status | Not for loan | Home library | Current library | Shelving location | Date acquired | Total Checkouts | Full call number | Barcode | Date last seen | Copy number | Price effective from | Koha item type |
|---|---|---|---|---|---|---|---|---|---|---|---|---|---|---|---|
| Dewey Decimal Classification | Virtual | Virtual | Online | 03/06/2012 | ONLINE PUBLICATION | 156536-2001 | 06/08/2019 | 1 | 06/08/2019 | Book |